000 00804nam a22002537a 4500
001 BR7375840
003 BR-BrBNA
005 20230928084443.0
007 ta
008 230509b bl.||||| |||| 00| 0 por d
040 _aBR-BrBNA
_bpor
_cBiblioteca Nacional de Agricultura
041 _a(Por)
072 _aE10
_b/G514
090 _ E10 BR7375840
100 1 _aRangel, I.
110 1 _aPresidencia da Republica, Rio de Janeiro, GB (Brasil). Conselho de Desenvolvimento
_97909
245 1 _aQuestao agraria brasileira
260 3 _aRio de Janeiro, GB (Brasil):
_c1961.
300 _a57 p.
500 _a(*) Documento disponível no(a) Empresa Brasileira de Assistencia Tecnica e Extensao Rural, Brasilia, DF
650 _aREFORMA AGRARIA
909 _a202309
_bLucia
_c55
_dLucia Elande
942 _cBK
999 _c19064
_d19064